Real Monasterio de la Encarnación de Madrid [ (Registro nro. 174473)

Detalles MARC
000 -LEADER
campo de control de longitud fija 01155nmm a2200253 4500
001 - NÚMERO DE CONTROL
campo de control 174473
003 - IDENTIFICADOR DE NÚMERO DE CONTROL
campo de control ES-MaACL
005 - FECHA Y HORA DE LA ÚLTIMA TRANSACCIÓN
campo de control 20230906215535.0
007 - CAMPO FIJO DE DESCRIPCIÓN FÍSICA--INFORMACIÓN GENERAL
campo de control de longitud fija c| |g
008 - DATOS DE LONGITUD FIJA--INFORMACIÓN GENERAL
campo de control de longitud fija 100427s2005 sp | | 100 0 spa d
080 ## - NÚMERO DE LA CLASIFICACIÓN DECIMAL UNIVERSAL
Número de la Clasificación Decimal Universal 726.7(460)
245 00 - MENCIÓN DEL TÍTULO
Título Real Monasterio de la Encarnación de Madrid [
Medio recurso electrónico]
Resto del título ; Real Monasterio de Santa Clara de Tordesillas.
260 ## - PUBLICACIÓN, DISTRIBUCIÓN, ETC.
Lugar de publicación, distribución, etc. [Madrid] :
Nombre del editor, distribuidor, etc. Ministerio de Educación y Ciencia,
Fecha de publicación, distribución, etc. cop. 2005.
300 ## - DESCRIPCIÓN FÍSICA
Extensión 1 disco compacto ;
Dimensiones 12 cm.
490 1# - MENCIÓN DE SERIE
Mención de serie Reales Sitios
538 ## - NOTA DE DETALLES DEL SISTEMA
Nota de detalles del sistema Requisitos del sistema: Pentium II a 300 Mhz o superior ; Windows 9x, Windows NT o Windows 2000 ; Tarjeta gráfica con aceleración 3D ; Tarjeta de sonido ; Direct X 6.0 o superior ; Internet Explorer 4.0 o superior ; Netscape 4.0 o superior ; Plug-in Vislite (autoinstalable)
594 ## - Nota al título y mención de responsabilidad
Nota al título y mención de responsabilidad Tít. tomado del CD.
610 24 - PUNTO DE ACCESO ADICIONAL DE MATERIA--NOMBRE DE ENTIDAD CORPORATIVA
Nombre de entidad corporativa o nombre de jurisdicción como elemento de entrada Monasterio de la Encarnación (Madrid)
9 (RLIN) 140904
610 24 - PUNTO DE ACCESO ADICIONAL DE MATERIA--NOMBRE DE ENTIDAD CORPORATIVA
Nombre de entidad corporativa o nombre de jurisdicción como elemento de entrada Monasterio de Santa Clara (Tordesillas)
9 (RLIN) 140901
710 1# - ENTRADA AGREGADA--NOMBRE DE ENTIDAD CORPORATIVA
Nombre de entidad corporativa o nombre de jurisdicción como elemento de entrada España.
Unidad subordinada Ministerio de Educación y Ciencia.
9 (RLIN) 3864
830 0# - PUNTO DE ACCESO ADICIONAL DE SERIE-TÍTULO UNIFORME
Título uniforme Reales Sitios
9 (RLIN) 189427
852 4# - LOCALIZACIÓN
Ubicación ES-MaACL
Número de control de estantería ROT 2/5/4
Nota libre .- CD-ROM
Existencias
Estatus retirado Estado de pérdida Estado de daño No para préstamo Biblioteca de origen Biblioteca actual Ubicación en estantería Fecha de adquisición Fuente de adquisición Total de préstamos Signatura topográfica completa Código de barras Visto por última vez Precio de reemplazo Tipo de ítem Koha
        Biblioteca del Ateneo de Madrid Biblioteca del Ateneo de Madrid Depósito 28/04/2010     ROT 2/5/4 1183159 23/02/2023 23/02/2023 Archivo de ordenador en CD-ROM, CD o disquete